Statistics for Country to following Capital in Alphabetical order and Back: from Afghanistan to Afghanistan

Click here to take the quiz!

General Stats

  • This quiz has been taken 186 times
  • The average score is 52 of 209

Answer Stats

Afghanistan % Correct
Kampala
98%
Ukraine
84%
Kigali
80%
Saint Kitts and Nevis
76%
Beijing
64%
Colombia
64%
Brasília
62%
Brunei
60%
Manama
56%
Ecuador
56%
Dili
56%
Bangladesh
56%
United States
56%
Nicaragua
56%
Wellington
56%
London
56%
Togo
56%
Bangkok
56%
Uzbekistan
51%
Bern
51%
Tbilisi
51%
Germany
51%
Montevideo
51%
Liberia
51%
Maseru
51%
Mozambique
51%
Rabat
51%
Syria
49%
Dhaka
47%
Barbados
47%
Brussels
44%
Belize
44%
Port Vila
42%
Papua New Guinea
42%
Panama City
42%
Federated States of Micronesia
42%
Addis Ababa
42%
Ghana
42%
Berlin
42%
Vatican City
40%
Victoria
40%
Sierra Leone
38%
Funafuti
38%
Uganda
38%
Kathmandu
38%
Netherlands
38%
Andorra la Vella
38%
Angola
38%
Cyprus
36%
Zimbabwe
36%
Havana
36%
Lusaka
36%
Nouakchott
33%
Mauritius
33%
Port Moresby
33%
Paraguay
33%
Athens
33%
Grenada
33%
Saint John's
33%
Argentina
33%
Bujumbura
33%
Cambodia
33%
Podgorica
33%
Morocco
31%
Reykjavík
31%
India
31%
Panama
29%
Ngerulmud
29%
Swaziland
24%
Mexico City
24%
Paramaribo
24%
Eritrea
20%
Poland
20%
Kenya
20%
Nassau
20%
Bahrain
20%
Manila
20%
Uruguay
20%
Washington D.C.
20%
Moroni
20%
Costa Rica
20%
San Marino
20%
São Tomé and Príncipe
20%
Astana
20%
Moscow
20%
Malabo
20%
Marshall Islands
20%
Valletta
20%
Liechtenstein
20%
Tripoli
20%
Japan
20%
Kingston
20%
Rwanda
20%
Bogotá
20%
Guinea-Bissau
20%
Conakry
20%
Moldova
20%
Comoros
20%
Tunisia
18%
Vietnam
18%
Montenegro
18%
Ulaanbaatar
18%
Port-of-Spain
18%
Haiti
18%
Sarajevo
18%
Harare
18%
Botswana
18%
Georgetown
18%
Port Louis
16%
Iran
16%
Mexico
16%
Caracas
16%
Belarus
16%
Thimphu
16%
Bridgetown
16%
Jakarta
16%
Pakistan
16%
Muscat
16%
Russia
16%
Bucharest
16%
Belgium
16%
Minsk
16%
East Timor
13%
Amsterdam
13%
Djibouti
13%
Dominica
13%
Australia
13%
Yerevan
13%
Nauru
13%
Windhoek
13%
New Zealand
13%
Seoul
13%
Jordan
13%
Tokyo
13%
Albania
13%
Kabul
13%
South Sudan
13%
Chile
13%
Bosnia and Herzegovina
13%
La Paz or Sucre
13%
Kuwait
13%
Pristina
13%
South Africa
13%
Mogadishu
13%
Republic of the Congo
13%
Santo Domingo
13%
Yaoundé
13%
N'Djamena
13%
Burma
13%
Bolivia
13%
Libreville
13%
Gambia
13%
Basseterre
13%
Saint Lucia
13%
Chișinău
13%
Monaco
13%
Monrovia
13%
Libya
13%
Tunis
13%
Turkey
13%
Antananarivo
13%
Malawi
13%
Lima
13%
Philippines
13%
Maputo
13%
Namibia
13%
Yamoussoukro
13%
Croatia
13%
Abu Dhabi
13%
United Kingdom
13%
Luanda
13%
Antigua and Barbuda
13%
San José
13%
Cote d'Ivoire
13%
Canada
13%
Ouagadougou
13%
Dushanbe
11%
Doha
11%
Tanzania
11%
China
11%
Yemen
11%
Monaco
11%
Saint George's
11%
Guatemala
11%
Hanoi
11%
Santiago
11%
Beirut
11%
Lesotho
11%
Mbabane
11%
Sweden
11%
Suva
11%
Finland
11%
Honiara
11%
Somalia
11%
Mongolia
11%
Ireland
9%
Vaduz
9%
Lithuania
9%
Warsaw
9%
Portugal
9%
Ljubljana
9%
Solomon Islands
9%
Islamabad
9%
Palau
9%
Niamey
9%
Nigeria
9%
Accra
9%
Greece
9%
Baghdad
9%

Score Distribution

Percentile by Number Answered

Percent of People with Each Score

Your Score History

You have not taken this quiz